书目信息 |
| 题名: |
计算机操作系统
|
|
| 作者: | 殷兆麟 主编 ;刘厚泉 , 林果园 , 徐秀 编著 | |
| 分册: | ||
| 出版信息: | 北京 清华大学出版社 2007 |
|
| 页数: | 239页 | |
| 开本: | 26cm | |
| 丛书名: | 高等学校计算机科学与技术教材 | |
| 单 册: | ||
| 中图分类: | TP316 | |
| 科图分类: | ||
| 主题词: | 操作系统--cao zuo tong--高等学校--教材 | |
| 电子资源: | ||
| ISBN: | 978-7-81082-937-3 | |
| 000 | 01138nam 2200289 450 | |
| 001 | 0100001739 | |
| 005 | 20080303150138.28 | |
| 010 | @a978-7-81082-937-3@dCNY26.00 | |
| 100 | @a20070921d2007 em y0chiy0121 ea | |
| 101 | 0 | @achi |
| 102 | @aCN@b110000 | |
| 105 | @aak a 000yy | |
| 200 | 1 | @a计算机操作系统@Aji suan ji cao zuo tong@f殷兆麟主编@g刘厚泉, 林果园, 徐秀编著 |
| 210 | @a北京@c清华大学出版社@c北京交通大学出版社@d2007 | |
| 215 | @a239页@c图@d26cm | |
| 225 | 2 | @a高等学校计算机科学与技术教材@Agao deng xue ji suan ji ke xue yu ji jiao cai |
| 320 | @a有书目 | |
| 330 | @a本书介绍了单机操作系统的一般管理, 阐述了操作系统的进程管理, 存储管理, 设备管理, 文件管理, 如何扩展单机操作系统的有关概念, 构造网络操作系统的基本功能的原理, 和操作系统的安全与保护等内容。 | |
| 410 | 0 | @12001 @a高等学校计算机科学与技术教材 |
| 606 | 0 | @a操作系统@Acao zuo tong@x高等学校@j教材 |
| 690 | @aTP316@v4 | |
| 701 | 0 | @a殷兆麟@Ayin zhao lin@4主编 |
| 702 | 0 | @a刘厚泉@Aliu hou quan@4编著 |
| 702 | 0 | @a林果园@Alin guo yuan@4编著 |
| 702 | 0 | @a徐秀@Axu xiu@4编著 |
| 801 | 0 | @aCN@c20080303 |
| 905 | @b20663706-08@dTP316@eY587@fTP316/Y587 | |
| 计算机操作系统/殷兆麟主编/刘厚泉, 林果园, 徐秀编著.-北京:清华大学出版社:北京交通大学出版社,2007 |
| 239页:图;26cm.-(高等学校计算机科学与技术教材) |
| ISBN 978-7-81082-937-3:CNY26.00 |
| 本书介绍了单机操作系统的一般管理, 阐述了操作系统的进程管理, 存储管理, 设备管理, 文件管理, 如何扩展单机操作系统的有关概念, 构造网络操作系统的基本功能的原理, 和操作系统的安全与保护等内容。 |
| ● |
| 相关链接 |
|
|
|
正题名:计算机操作系统
索取号:TP316/Y587
 
预约/预借
| 序号 | 登录号 | 条形码 | 馆藏地/架位号 | 状态 | 备注 |
| 1 | 479793 | 204797933 | 期刊室512/ [索取号:TP316/Y587] | 在馆 | |
| 2 | 663706 | 206637068 | 自科库301/301自科库 57排5列5层/ [索取号:TP316/Y587] | 在馆 | |
| 3 | 663707 | 206637077 | 自科二线404/301自科库 51排4列5层/ [索取号:TP316/Y587] | 在馆 | |
| 4 | 663708 | 206637086 | 自科库301/301自科库 57排5列5层/ [索取号:TP316/Y587] | 在馆 |